|
|
|
|
| LEADER |
00000nam0a2200000 4500 |
| 001 |
284861 |
| 005 |
20231101235734.0 |
| 035 |
|
|
|a (RuTPU)RU\TPU\book\309053
|
| 090 |
|
|
|a 284861
|
| 100 |
|
|
|a 20150218d1985 k y0rusy50 ca
|
| 101 |
0 |
|
|a rus
|
| 102 |
|
|
|a RU
|
| 105 |
|
|
|a a z 001zy
|
| 200 |
1 |
|
|a Палеогидрогеологические исследования при поисках нефти и газа
|f Я. А. Ходжакулиев, Л. А. Абукова
|
| 210 |
|
|
|a Москва
|c Недра
|d 1985
|
| 215 |
|
|
|a 208 с.
|c ил.
|
| 320 |
|
|
|a Библиогр.: с. 207-208
|
| 606 |
|
|
|a Нефтегазоносность
|x Геохимические исследования
|2 stltpush
|3 (RuTPU)RU\TPU\subj\45593
|9 64786
|
| 606 |
|
|
|a Палеогидрогеология
|2 stltpush
|3 (RuTPU)RU\TPU\subj\47980
|9 66863
|
| 610 |
1 |
|
|a нефть
|
| 610 |
1 |
|
|a газ
|
| 610 |
1 |
|
|a поиски
|
| 610 |
1 |
|
|a задачи
|
| 610 |
1 |
|
|a методика
|
| 610 |
1 |
|
|a реализация
|
| 610 |
1 |
|
|a Каракумский бассейн
|
| 610 |
1 |
|
|a тектоника
|
| 610 |
1 |
|
|a подземные воды
|
| 610 |
1 |
|
|a возраст
|
| 610 |
1 |
|
|a генезис
|
| 610 |
1 |
|
|a горные растворы
|
| 610 |
1 |
|
|a количественная оценка
|
| 675 |
|
|
|a 553.98:550.84
|v 4
|
| 675 |
|
|
|a 556.3
|v 3
|
| 700 |
|
1 |
|a Ходжакулиев
|b Я. А.
|g Ягшимурад Агамурадович
|
| 701 |
|
1 |
|a Абукова
|b Л. А.
|g Лейла Азретовна
|
| 801 |
|
1 |
|a RU
|b 63413507
|c 20150218
|
| 801 |
|
2 |
|a RU
|b 63413507
|c 20171130
|g RCR
|
| 942 |
|
|
|c BK
|